ბათუმის შოთა რუსთაველის სახელმწიფო უნივერსიტეტის ბიბლიოთეკა

ეკონომიკური და დემოგრაფიული ტერმინოლოგია = Экономическая и демографическая терминология : (ბიბ.ჩანაწერი № 63670)

000 -ლიდერი
ფიქსირებული სიგრძის საკონტროლო ველი 02155nam a22002417a 4500
003 - საკონტროლო ნომრის იდენტიფიკატორი
საკონტროლო ველი Ge_BSU
005 - ბოლო ოპერაციის თარიღი და დრო
საკონტროლო ველი 20251204203727.0
008 - ფიქსირებული სიგრძის მონაცემთა ელემენტები - ზოგადი ინფორმაცია
ფიქსირებული სიგრძის საკონტროლო ველი 251204s2001 ge ||||| |||| 00| 0 geo d
020 ## - წიგნის საერთაშორისო სტანდარტული ნომერი
International Standard Book Number 999288116X
041 ## - ენის კოდი
Language code of text/sound track or separate title geo
080 ## - უნივერსალური ათობითი კლასიფიკაციის ინდექსი
Universal Decimal Classification number 81'374.26:33=161.1=353 : 33(038) : 314(038) ე-49
245 ## - ცნობა სათაურის შესახებ
Title ეკონომიკური და დემოგრაფიული ტერმინოლოგია = Экономическая и демографическая терминология :
Remainder of title (რუსულ-ქართული და ქართულ-რუსული) /
Statement of responsibility, etc შემდგენლები: პ. გუგუშვილი, ვ. ჩანტლაძე, ლ. ჩიქავა, ა. კოშკელაშვილი; ლეო ჩიქავას საერთო რედაქციით; საქართველოს ეკონომიკურ მეცნიერებათა აკადემია, საქართველოს მეცნიერებათა აკადემიის დემოგრაფიისა და სოციოლოგიური კვლევის ინსტიტუტი.
264 ## - წარმოების, გამოცემის, დისტრიბუციის და სხვა ცნობები
გამოცემის, წარმოების, დისტრიბუციის... ადგილი თბილისი :
გამოცემის, წარმოების, დისტრიბუციის... სახელწოდება სიახლე,
გამოცემის, წარმოების, დისტრიბუციის... თარიღი 2001.
300 ## - ფიზიკური აღწერა
Extent 634 გვ. ;
Other physical details 25 სმ.
504 ## - BIBLIOGRAPHY, ETC. NOTE
Bibliography, etc გამოყენებული ლიტერატურა: გვ. 633-634.
700 ## - ADDED ENTRY--PERSONAL NAME
Personal name გუგუშვილი, პ.
Relator term შემდგენელი
9 (RLIN) 18004
700 ## - ADDED ENTRY--PERSONAL NAME
Personal name ჩიქავა, ლეო
Relator term შემდგენელი,მთავარი რედაქტორი, წინასიტყვაობის ავტორი.
9 (RLIN) 26359
700 ## - ADDED ENTRY--PERSONAL NAME
Personal name კოშკელაშვილი, ალა
Relator term შემდგენელი, რედაქტორი
9 (RLIN) 26360
700 ## - ADDED ENTRY--PERSONAL NAME
Personal name ასათიანი, როზეტა
Relator term რედაქტორი
9 (RLIN) 26361
700 ## - ADDED ENTRY--PERSONAL NAME
Personal name აბაშიძე, იზოლდა
Relator term რედაქტორი.
9 (RLIN) 26362
700 ## - ADDED ENTRY--PERSONAL NAME
Personal name ტუხაშვილი, მირიან
Relator term რედაქტორი
9 (RLIN) 15190
942 ## - ADDED ENTRY ELEMENTS (KOHA)
Source of classification or shelving scheme
Koha item type წიგნი
ეგზემპლარები
ჩამოწერის სტატუსი დაკარგული ეგზემპლარის სტატუსი კლასიფიკაციის წყარო ან თაროზე გაწყობის სქემა დაზიანების სტატუსი არ გაიცემა მუდმივი მდებარეობა (დაცვის ადგილი) ამჟამინდელი ადგილსამყოფელი თაროზე განთავსების ადგილი შეძენის თარიღი ღირებულება, შესყიდვის ნორმალური ფასი სრული შენახვის შიფრი შტრიხკოდი ბოლო ოპერაციის თარიღი ეგზემპლარის მიმდევრობითი ნომერი (კეტერი?) ფასის ძალაში შესვლის თარიღი ეგზემპლარის სახეობა საჯარო შენიშვნა
          ბათუმის შოთა რუსთაველის სახელმწიფო უნივერსიტეტის მთავარი ბიბლიოთეკა ბათუმის შოთა რუსთაველის სახელმწიფო უნივერსიტეტის მთავარი ბიბლიოთეკა წიგნსაცავი 2025-12-05 20.00 81'374.26:33=161.1=353 : 33(038) : 314(038) ე-49 73219 2025-12-05 73219 2025-12-05 წიგნი 20 ლ.